Kpop Groups Under YG Entertainment - Statistics

General Stats
  • This quiz has been taken 1,438 times
  • The average score is 5 of 7
Answer Stats
Debut Year Group % Correct
2016 Black Pink
98%
2006 Big Bang
90%
2009 2NE1
85%
2015 iKon
81%
2013 Winner
74%
2012 Akdong Musician
49%
2003 Epik High
21%
No matching quizzes found
Score Distribution
Percent of People with Each Score
Percentile by Number Answered
Your Score History
You have not taken this quiz